AS Roma - Squad 2000-01 - Statistics

General Stats
  • This quiz has been taken 40 times
  • The average score is 13 of 38
Answer Stats
Nationality Position Player % Correct
Italy Striker (Captain) Francesco Totti
100%
Argentina Striker Gabriel Batistuta
93%
Italy Striker Vincenzo Montella
90%
Brazil Defender Cafu
86%
Japan Midfielder Hidetoshi Nakata
76%
Italy Striker Marco Delvecchio
76%
France Defender Vincent Candela
76%
Brazil Defender (Vice Captain) Aldair
72%
Italy Goalkeeper Francesco Antonioli
69%
Argentina Defender Walter Samuel
69%
Italy Midfielder Damiano Tommasi
62%
Brazil Midfielder Emerson
62%
Italy Midfielder Daniele De Rossi
52%
France Defender Jonathan Zebina
52%
Argentina Striker Abel Balbo
41%
Brazil Defender Antonio Carlos Zago
38%
Italy Midfielder Eusebio Di Francesco
28%
Brazil Midfielder Marcos Assuncao
21%
Italy Goalkeeper Carlo Zotti
17%
Italy Midfielder Cristiano Zanetti
17%
Uruguay Midfielder Gianni Guigou
17%
Italy Goalkeeper Marco Amelia
17%
Italy Goalkeeper Cristiano Lupatelli
14%
Italy Midfielder Gaetano D'Agostino
14%
Italy Defender Amedeo Mangone
10%
Italy Defender Cesare Bovo
10%
Italy Defender Alessandro Rinaldi
3%
Italy Midfielder Alessandro Tulli
3%
Italy Defender Alessandro Zamperini
3%
Italy Defender Damiano Ferronetti
3%
Italy Midfielder Daniele De Vezze
3%
Italy Striker Daniele Martinetti
3%
Portugal Midfielder Ednilson
3%
Italy Goalkeeper Giuseppe Di Masi
3%
Italy Midfielder Massimo Bonanni
3%
Italy Defender Maurizio Lanzaro
3%
Italy Striker Paolo Poggi
3%
Belarus Defender Sjarhej Hurenka
3%
No matching quizzes found
Score Distribution
Percent of People with Each Score
Percentile by Number Answered
Your Score History
You have not taken this quiz